MARC

LEADER 00000nam0a2200000 4500
001 376082
005 20231102012806.0
020 |a RU  |b 86-47055ж 
035 |a (RuTPU)RU\TPU\retro\33522 
035 |a RU\TPU\book\304125 
090 |a 376082 
100 |a 20221221d1986 k y0rusy5003 ca 
101 0 |a rus 
102 |a RU 
105 |a a z 001zy 
200 1 |a Ордовикские остракоды Казахстана  |f Л. М. Мельникова  |g Академия наук СССР (АН СССР), Палеонтологический институт (ПИН) ; отв. ред. А. Ю. Розанов 
210 |a Москва  |c Наука  |d 1986 
215 |a 103 с.  |c ил.  |d 24 см 
225 1 |a Труды Палеонтологического института  |v Т. 218 
320 |a Библиогр.: с. 92-95 
606 1 |a Остракоды ископаемые  |2 stltpush  |3 (RuTPU)RU\TPU\subj\47597  |9 66519 
610 1 |a ордовик 
610 1 |a распространение 
610 1 |a Казахстан 
610 1 |a зоогеографическое районирование 
610 1 |a раковины 
610 1 |a морфологические особенности 
610 1 |a виды 
610 1 |a описание 
675 |a 565.33  |z rus  |v 3 
700 1 |a Мельникова  |b Л. М.  |g Людмила Михайловна  |4 070 
702 1 |a Розанов  |b А. Ю.  |4 340 
712 0 2 |a Академия наук СССР (АН СССР)  |b Палеонтологический институт (ПИН)  |c (Москва)  |2 stltpush  |3 (RuTPU)RU\TPU\col\11384 
801 0 |a RU  |b RuMRKP  |c 19950704  |g psbo 
801 1 |a RU  |b 63413507  |c 20150113 
801 2 |a RU  |b 63413507  |c 20221221  |g RCR 
942 |c BK